| 000 | 00418 a2200157 4500 | ||
|---|---|---|---|
| 999 |
_c7336 _d7336 |
||
| 020 | _a0748793836 | ||
| 050 | _aBF 5001 LEW 2006 | ||
| 100 |
_a Lewis, Roger _eauthor |
||
| 245 |
_aBTEC National business _cRoger Lewis. |
||
| 264 |
_aCheltenham : _bNelson Thornes, _c 2007. |
||
| 300 | _a293p.: | ||
| 500 | _aincludes index. | ||
| 650 | _aBusiness. | ||
| 700 |
_aRoger Trevitt. _eauthor |
||
| 942 |
_2lcc _cBK _h5001 _iLEW _kHF |
||